000 00516nam a2200193Ia 4500
005 20240823015619.0
008 240823s9999||||xx |||||||||||||| ||und||
020 _a92-801-6089-3
041 _aENGLISH
082 _A363.7394 N9
100 _aInternational Martime Organization
245 0 _aMARPOL 73/78 Regulatiomns for the Prevention of Air Pollution from Ships
250 _a1st
260 _c1999
_b"Sterling,M"
500 _aTRANSFERED
650 _aPollution
_bMarine
942 _cBK
999 _c172832
_d172832